[Event "TCh-ROU Superliga"]
[Site "Calimanesti-Caciulata ROU"]
[Date "2016.11.25"]
[EventDate "2016.11.19"]
[Round "7.4"]
[Result "1/2-1/2"]
[White "Konstantin Tarlev"]
[Black "Wang Hao"]
[WhiteElo "2596"]
[BlackElo "2680"]
[PlyCount "76"]

1. d4 Nf6 2. c4 e6 3. Nf3 d5 4. Nc3 Bb4 5. Bg5 dxc4 6. Qa4+
Nc6 7. e3 Bd7 8. Qc2 b5 9. a3 h6 10. Bxf6 Bxc3+ 11. Qxc3 gxf6
12. b3 cxb3 13. Bxb5 Ne7 14. Qxb3 c6 15. Bd3 Qa5+ 16. Ke2 O-O
17. Rhc1 Rab8 18. Qa2 Rb7 19. Rc5 Qc7 20. Qd2 Rfb8 21. Ra2 Kg7
22. e4 Ng6 23. e5 f5 24. Kf1 Rb3 25. g3 Qb6 26. Kg2 Bc8
27. Qe2 Bb7 28. a4 a5 29. Nd2 Rb2 30. Rxb2 Qxb2 31. Qe3 Rd8
32. Nc4 Qxd4 33. Qxd4 Rxd4 34. Nxa5 Ba8 35. Bc2 Nf8 36. Rc3
Nd7 37. Nc4 c5+ 38. Kf1 Bd5 1/2-1/2

[Event "TCh-ROU Superliga"]
[Site "Calimanesti-Caciulata ROU"]
[Date "2016.11.26"]
[EventDate "2016.11.19"]
[Round "8.2"]
[Result "1/2-1/2"]
[White "Wang Hao"]
[Black "Serghei Vedmediuc"]
[WhiteElo "2680"]
[BlackElo "2456"]
[PlyCount "93"]

1. d4 Nf6 2. c4 e6 3. g3 Bb4+ 4. Bd2 Qe7 5. Bg2 Nc6 6. Nf3
Bxd2+ 7. Nbxd2 O-O 8. O-O d6 9. e4 e5 10. d5 Nb8 11. b4 a5
12. a3 Na6 13. Qb1 c6 14. Rc1 Bd7 15. Ne1 axb4 16. dxc6 bxc6
17. axb4 Nc7 18. Nd3 Ne6 19. Nb3 h5 20. Qb2 h4 21. Rxa8 Rxa8
22. Ra1 Rxa1+ 23. Qxa1 hxg3 24. hxg3 Ng5 25. Nd2 Bh3 26. Bh1
Qd7 27. Qb1 Qg4 28. Qe1 Qh5 29. b5 cxb5 30. cxb5 Bc8 31. f3
Bb7 32. Bg2 Ne6 33. Nc4 Nd4 34. g4 Nxg4 35. fxg4 Qxg4 36. Nd2
Nxb5 37. Nf2 Qg3 38. Nf3 d5 39. Qa5 dxe4 40. Qd8+ Kh7 41. Ng5+
Kg6 42. Qb6+ Kxg5 43. Qxb7 Nc3 44. Qxf7 Kh6 45. Qf5 Qe3
46. Kh1 Qc1+ 47. Kh2 1/2-1/2

[Event "Chinese Chess League"]
[Site "CHN"]
[Date "2016.12.02"]
[EventDate "2016.04.12"]
[Round "19.1"]
[Result "0-1"]
[White "Wang Hao"]
[Black "Yinglun Xu"]
[WhiteElo "2732"]
[BlackElo "2523"]
[PlyCount "96"]

1. Nf3 Nf6 2. g3 d5 3. Bg2 c6 4. O-O Bf5 5. d4 h6 6. c4 e6
7. Nc3 Nbd7 8. Nd2 Be7 9. e4 dxe4 10. Ndxe4 O-O 11. Nxf6+ Nxf6
12. Be3 Rb8 13. Qe2 a6 14. Rfd1 Bd6 15. h3 Qe7 16. a3 e5
17. c5 Bc7 18. d5 cxd5 19. Nxd5 Nxd5 20. Rxd5 Qe6 21. g4 Bg6
22. Rad1 e4 23. Rd7 Rbc8 24. R1d5 f6 25. Qc4 Kh8 26. Bxh6 gxh6
27. Qc1 e3 28. Qxe3 Qxe3 29. fxe3 b6 30. c6 Be8 31. Re7 Rf7
32. Rxf7 Bxf7 33. Rd7 Be8 34. Rd2 Kg7 35. Kf2 Be5 36. Rc2 Kf7
37. a4 a5 38. Be4 Ke7 39. Kf3 h5 40. h4 Kd6 41. Rd2+ Kc7
42. b3 Rd8 43. Rxd8 Kxd8 44. Bd5 Kc7 45. e4 Kd6 46. gxh5 Bxh5+
47. Kf2 Kc5 48. Kg2 f5 0-1

[Event "Chinese Chess League"]
[Site "CHN"]
[Date "2016.12.03"]
[EventDate "2016.04.12"]
[Round "20.6"]
[Result "1/2-1/2"]
[White "Wei Yi"]
[Black "Wang Hao"]
[WhiteElo "2700"]
[BlackElo "2732"]
[PlyCount "60"]

1. e4 c6 2. d4 d5 3. Nd2 dxe4 4. Nxe4 Bf5 5. Ng3 Bg6 6. h4 h6
7. Nf3 e6 8. Ne5 Bh7 9. Bd3 Bxd3 10. Qxd3 Nd7 11. f4 Bb4+
12. c3 Be7 13. Bd2 Ngf6 14. O-O-O c5 15. Be3 O-O 16. Ne4 cxd4
17. Nxd7 Qxd7 18. Bxd4 Qc6 19. Nxf6+ Bxf6 20. Bxf6 gxf6
21. Qd6 Qc4 22. Qd4 Qxa2 23. Qxf6 Qa1+ 24. Kc2 Qa4+ 25. Kc1
Qa1+ 26. Kc2 Qa4+ 27. Kc1 Qa1+ 28. Kc2 Qa4+ 29. Kc1 Qa1+
30. Kc2 Qa4+ 1/2-1/2

[Event "Chinese Chess League"]
[Site "CHN"]
[Date "2016.12.04"]
[EventDate "2016.04.12"]
[Round "21.2"]
[Result "1/2-1/2"]
[White "Wang Hao"]
[Black "Vladimir Malakhov"]
[WhiteElo "2732"]
[BlackElo "2695"]
[PlyCount "139"]

1. d4 d5 2. c4 c6 3. Nf3 Nf6 4. Nc3 a6 5. e3 Bf5 6. Ne5 Nbd7
7. Qb3 Qc7 8. cxd5 Nxe5 9. dxe5 Nxd5 10. Nxd5 cxd5 11. Bd2 e6
12. Rc1 Qd7 13. Be2 Be7 14. Ba5 Bd8 15. Bb4 f6 16. f4 Rc8
17. Rxc8 Qxc8 18. Kd2 Qd7 19. exf6 Bxf6 20. Rc1 Be4 21. Ba5
O-O 22. Rc7 Qe8 23. Qxb7 Qa4 24. Bb4 Rd8 25. Rc8 h6 26. Rxd8+
Bxd8 27. Ke1 Bf6 28. Be7 Bxe7 29. Qxe7 Qxa2 30. Qxe6+ Kh8
31. Qe8+ Kh7 32. Qe5 Bxg2 33. Bd3+ Be4 34. Bxe4+ dxe4
35. Qxe4+ Kh8 36. Qe8+ Kh7 37. Qe5 a5 38. Kd2 a4 39. Qd4 Qa1
40. h4 Kh8 41. h5 Qh1 42. Qe5 Qa1 43. Qe8+ Kh7 44. Qe4+ Kh8
45. Qb4 Qh1 46. Qf8+ Kh7 47. Qf5+ Kh8 48. Qc8+ Kh7 49. Qc2+
Kh8 50. Qxa4 Qxh5 51. Qa8+ Kh7 52. Qe4+ Kh8 53. b4 Qb5 54. Kc3
h5 55. f5 Qe2 56. Kd4 Qh2 57. Qe5 Qb2+ 58. Kd5 Qxb4 59. Qe8+
Kh7 60. Qxh5+ Kg8 61. Qe8+ Kh7 62. Qg6+ Kh8 63. Qe8+ Kh7
64. Qe5 Qb5+ 65. Ke4 Qb1+ 66. Kf3 Qf1+ 67. Kg4 Qd1+ 68. Kf4
Qf1+ 69. Ke4 Qb1+ 70. Kd4 1/2-1/2

[Event "Chinese Chess League"]
[Site "CHN"]
[Date "2016.12.05"]
[EventDate "2016.04.12"]
[Round "22.5"]
[Result "1/2-1/2"]
[White "Jinshi Bai"]
[Black "Wang Hao"]
[WhiteElo "2564"]
[BlackElo "2732"]
[PlyCount "36"]

1. d4 Nf6 2. c4 e6 3. g3 c5 4. Nf3 cxd4 5. Nxd4 Qc7 6. Nc3 a6
7. Bg2 Qxc4 8. O-O Qc7 9. e4 Nc6 10. Be3 Be7 11. Rc1 O-O
12. Na4 Qd8 13. Qe2 Rb8 14. Nb6 Re8 15. Rfd1 Ne5 16. Nf3 Nc6
17. Nd4 Ne5 18. Nf3 Nc6 1/2-1/2

[Event "Philippine Open"]
[Site "Subic Bay PHI"]
[Date "2016.12.06"]
[EventDate "2016.12.06"]
[Round "1.1"]
[Result "1-0"]
[White "Wang Hao"]
[Black "Oliver Dimakiling"]
[WhiteElo "2678"]
[BlackElo "2404"]
[PlyCount "69"]

1. d4 Nf6 2. c4 e6 3. g3 d5 4. Nf3 dxc4 5. Bg2 a6 6. O-O c5
7. dxc5 Qxd1 8. Rxd1 Bxc5 9. Ne5 Ra7 10. Nxc4 b5 11. Bf4 Nbd7
12. Nd6+ Ke7 13. Nc3 Nh5 14. Bg5+ f6 15. Nxc8+ Rxc8 16. Bd2 f5
17. e3 Nhf6 18. Ne2 e5 19. Rdc1 Rac7 20. a4 b4 21. a5 e4
22. Bf1 Ne5 23. Rxc5 Nf3+ 24. Kg2 Nxd2 25. Rxf5 g6 26. Rf4 Rc2
27. Nd4 Rxb2 28. Bxa6 Rc7 29. Bb7 Rxb7 30. a6 Ra7 31. Nc6+ Kf7
32. Nxa7 b3 33. Nb5 Ra2 34. Rd1 Nc4 35. Nd6+ 1-0

[Event "Philippine Open"]
[Site "Subic Bay PHI"]
[Date "2016.12.07"]
[EventDate "2016.12.06"]
[Round "2.1"]
[Result "0-1"]
[White "Tran Tuan Minh"]
[Black "Wang Hao"]
[WhiteElo "2478"]
[BlackElo "2678"]
[PlyCount "60"]

1. Nf3 d5 2. c4 e6 3. d4 Nf6 4. Nc3 c6 5. e3 Nbd7 6. Be2 Bd6
7. O-O O-O 8. Qc2 dxc4 9. Bxc4 b5 10. Bd3 Bb7 11. h3 b4
12. Ne4 Nxe4 13. Bxe4 Nf6 14. Nd2 Rc8 15. Rd1 Nxe4 16. Nxe4 c5
17. Nxd6 Qxd6 18. dxc5 Qe5 19. Rd4 Rxc5 20. Qd3 a5 21. Bd2 Qb8
22. a3 bxa3 23. Qxa3 Rfc8 24. Bxa5 Rc1+ 25. Rd1 Rxd1+ 26. Rxd1
Qa8 27. Bc3 Bxg2 28. Qe7 h6 29. Rd7 Qf3 30. Rd8+ Kh7 0-1

[Event "Philippine Open"]
[Site "Subic Bay PHI"]
[Date "2016.12.07"]
[EventDate "2016.12.06"]
[Round "3.1"]
[Result "1/2-1/2"]
[White "Wang Hao"]
[Black "Mikhael Mchedlishvili"]
[WhiteElo "2678"]
[BlackElo "2601"]
[PlyCount "65"]

1. d4 Nf6 2. c4 g6 3. f3 Nc6 4. d5 Ne5 5. e4 d6 6. Nc3 Bg7
7. f4 Ned7 8. Nh3 O-O 9. Be2 e6 10. Nf2 Re8 11. O-O Nc5
12. Bf3 e5 13. g3 a5 14. f5 gxf5 15. Bg5 f4 16. Ng4 Kh8
17. Kh1 Rg8 18. gxf4 exf4 19. Nh6 Bxh6 20. Bxh6 Bh3 21. Rg1
Qe7 22. Bxf4 Nfd7 23. Qd4+ f6 24. Qe3 Ne5 25. Be2 Bd7
26. Rxg8+ Rxg8 27. Rg1 Ng6 28. Bh6 Qe5 29. Bf3 Qe8 30. Bh5 Qe5
31. Qf3 Nh4 32. Qf2 Ng6 33. Qf3 1/2-1/2

[Event "Philippine Open"]
[Site "Subic Bay PHI"]
[Date "2016.12.08"]
[EventDate "2016.12.06"]
[Round "4.1"]
[Result "1/2-1/2"]
[White "Vladislav Kovalev"]
[Black "Wang Hao"]
[WhiteElo "2595"]
[BlackElo "2678"]
[PlyCount "65"]

1. e4 e6 2. d4 d5 3. Nd2 Be7 4. Bd3 c5 5. dxc5 Nf6 6. Qe2 O-O
7. Ngf3 a5 8. O-O Na6 9. e5 Nd7 10. c3 Naxc5 11. Bb5 a4
12. Nd4 Nb6 13. f4 f5 14. exf6 Bxf6 15. N2f3 Bd7 16. Be3 Rc8
17. Nd2 Qe8 18. Bxd7 Qxd7 19. Rae1 Ne4 20. Nxe4 dxe4 21. Bf2
Nc4 22. Rd1 Nd6 23. Nc2 Qc7 24. Rfe1 Rfd8 25. a3 Qc6 26. Ne3
Be7 27. Ng4 Nc4 28. Bd4 Bc5 29. Ne3 Bxd4 30. cxd4 Nb6 31. Ng4
Nc4 32. Ne3 Nb6 33. Ng4 1/2-1/2

[Event "Philippine Open"]
[Site "Subic Bay PHI"]
[Date "2016.12.08"]
[EventDate "2016.12.06"]
[Round "5.2"]
[Result "1-0"]
[White "Wang Hao"]
[Black "Tigran Kotanjian"]
[WhiteElo "2678"]
[BlackElo "2467"]
[PlyCount "99"]

1. e4 c5 2. Nf3 Nc6 3. Bb5 g6 4. Bxc6 bxc6 5. O-O Bg7 6. Re1
Nh6 7. c3 O-O 8. d4 Qb6 9. h3 d6 10. Nbd2 cxd4 11. cxd4 Be6
12. Nf1 Kh8 13. Qe2 c5 14. d5 Bd7 15. Ne3 Rfb8 16. Nc4 Qa6
17. Bf4 Bb5 18. Nfd2 Bxc4 19. Nxc4 Rb4 20. b3 Bxa1 21. Rxa1
Ng8 22. e5 dxe5 23. Bxe5+ f6 24. Bc3 Rb7 25. Qe4 Rd8 26. Ba5
Rf8 27. Rd1 Rd7 28. Qe3 Rc8 29. Rd2 Kg7 30. Bc3 Qb7 31. Qe6
Rcd8 32. Ba5 Rf8 33. Bc3 Nh6 34. g4 Nf7 35. f4 h6 36. h4 Nd6
37. g5 Nb5 38. gxh6+ Kxh6 39. Ne5 Rd6 40. Nf7+ Kg7 41. Bxf6+
exf6 42. Nxd6 Nxd6 43. Qxd6 Qc8 44. Qe6 Qxe6 45. dxe6 Re8
46. Rd7+ Kh6 47. e7 Kh5 48. Kf2 Kxh4 49. Kf3 g5 50. Rd8 1-0

[Event "Philippine Open"]
[Site "Subic Bay PHI"]
[Date "2016.12.09"]
[EventDate "2016.12.06"]
[Round "6.1"]
[Result "1/2-1/2"]
[White "Anton Demchenko"]
[Black "Wang Hao"]
[WhiteElo "2632"]
[BlackElo "2678"]
[PlyCount "58"]

1. e4 c5 2. Nf3 Nc6 3. Nc3 e5 4. Bc4 Be7 5. d3 Nf6 6. O-O O-O
7. h3 d6 8. a3 a6 9. Re1 b5 10. Ba2 h6 11. Nd5 Nd4 12. c3
Nxf3+ 13. Qxf3 Nxd5 14. Bxd5 Rb8 15. Be3 Bg5 16. b4 Bxe3
17. Qxe3 Qg5 18. Qxg5 hxg5 19. a4 cxb4 20. cxb4 bxa4 21. Rxa4
Rb6 22. Rea1 Rd8 23. Kf1 Kf8 24. Ke2 Bb7 25. Bxb7 Rxb7 26. Rc1
Ke7 27. Rc6 Ra8 28. Rcxa6 Rxa6 29. Rxa6 Rxb4 1/2-1/2

[Event "Philippine Open"]
[Site "Subic Bay PHI"]
[Date "2016.12.10"]
[EventDate "2016.12.06"]
[Round "7.2"]
[Result "1/2-1/2"]
[White "Wang Hao"]
[Black "Abhimanyu Puranik"]
[WhiteElo "2678"]
[BlackElo "2476"]
[PlyCount "86"]

1. e4 e5 2. Nf3 Nc6 3. Bc4 Bc5 4. d3 Nf6 5. O-O a6 6. a4 d6
7. c3 h6 8. Nbd2 Ba7 9. Re1 O-O 10. Nf1 Re8 11. Ng3 d5
12. exd5 Nxd5 13. a5 Be6 14. Qb3 Rb8 15. h3 Nf4 16. Bxf4 exf4
17. Nh5 Bxc4 18. Qxc4 Qd6 19. Nxf4 Nxa5 20. Rxe8+ Rxe8
21. Rxa5 b5 22. Qd5 Qxf4 23. Ra1 Bb6 24. Kf1 Re6 25. d4 c6
26. Qd7 a5 27. Re1 Qc7 28. Qxc7 Rxe1+ 29. Nxe1 Bxc7 30. Ke2 f5
31. Nc2 Kf7 32. d5 cxd5 33. Nd4 b4 34. cxb4 axb4 35. Nxf5 b3
36. Nd4 Be5 37. Ke3 g6 38. f4 Bg7 39. g4 h5 40. Kd3 hxg4
41. hxg4 Bf6 42. Ke3 Bg7 43. Kd3 Bf6 1/2-1/2

[Event "Philippine Open"]
[Site "Subic Bay PHI"]
[Date "2016.12.10"]
[EventDate "2016.12.06"]
[Round "8.1"]
[Result "0-1"]
[White "Tingjie Lei"]
[Black "Wang Hao"]
[WhiteElo "2468"]
[BlackElo "2678"]
[PlyCount "118"]

1. d4 Nf6 2. c4 b6 3. Nc3 Bb7 4. f3 d5 5. cxd5 Nxd5 6. Nxd5
Qxd5 7. e4 Qd6 8. Be3 e5 9. Rc1 exd4 10. Qxd4 Qxd4 11. Bxd4
Nc6 12. Bc3 O-O-O 13. Bc4 f6 14. Nh3 Ne5 15. Bxe5 fxe5 16. Ke2
Be7 17. Nf2 Rd6 18. Ng4 Bg5 19. Rcd1 Rxd1 20. Rxd1 Re8 21. g3
c6 22. h4 Bd8 23. Ne3 Be7 24. g4 Kc7 25. Nf5 Bf8 26. h5 Bc8
27. Bf7 Rd8 28. Rxd8 Kxd8 29. Bg8 g6 30. hxg6 hxg6 31. Nh4 g5
32. Nf5 Kc7 33. Kd3 Ba6+ 34. Bc4 b5 35. Be6 Kb6 36. Bf7 Bc8
37. Kc2 a5 38. Kd3 Ba6 39. Be6 Kc5 40. Bf7 Kb6 41. Be6 a4
42. Kc3 Ka5 43. Kd3 Kb6 44. Kc3 Ka5 45. Kd3 Kb6 46. Kc3 Bc5
47. Kd3 Bf2 48. Kd2 Kc7 49. Kd3 Bg1 50. Kc3 c5 51. Kd2 Bh2
52. Kd3 Bg1 53. Kd2 Bd4 54. Kc2 b4 55. Nh6 c4 56. Nf7 b3+
57. Kb1 a3 58. bxa3 bxa2+ 59. Kxa2 c3 0-1

[Event "Philippine Open"]
[Site "Subic Bay PHI"]
[Date "2016.12.11"]
[EventDate "2016.12.06"]
[Round "9.1"]
[Result "1/2-1/2"]
[White "Wang Hao"]
[Black "Boris Savchenko"]
[WhiteElo "2678"]
[BlackElo "2618"]
[PlyCount "224"]

1. d4 Nf6 2. c4 g6 3. g3 Bg7 4. Bg2 d6 5. Nf3 Nbd7 6. O-O e5
7. Nc3 O-O 8. e4 a5 9. h3 exd4 10. Nxd4 Nc5 11. Be3 Re8
12. Qc2 a4 13. Rad1 Bd7 14. Ndb5 Qc8 15. Kh2 h5 16. Bxc5 dxc5
17. f4 h4 18. gxh4 a3 19. b3 Nh5 20. Nd5 Bxb5 21. cxb5 Qd8
22. Qxc5 Qxh4 23. Qf2 Qxf2 24. Rxf2 c6 25. bxc6 bxc6 26. Nc7
Red8 27. Nxa8 Rxd1 28. Bf3 Rd8 29. Bxh5 Rxa8 30. Bf3 c5
31. Rd2 Bd4 32. Kg3 Rd8 33. Rc2 Kg7 34. Be2 Re8 35. Kf3 f5
36. e5 Rh8 37. Kg2 Rh4 38. Kg3 g5 39. fxg5 Kg6 40. Kg2 Kxg5
41. Bd3 Bxe5 42. Rxc5 Kf6 43. Rc2 Rd4 44. Be2 Bd6 45. Kf3 Rh4
46. Kg2 Rd4 47. Kf2 Rh4 48. Rc3 Be5 49. Rf3 Bd4+ 50. Kf1 Ke5
51. b4 Bb6 52. b5 Ra4 53. Rd3 Bc5 54. Rb3 Bb6 55. Ke1 Ba5+
56. Kd1 Rd4+ 57. Rd3 Ra4 58. Kc2 Rc4+ 59. Kd1 Ra4 60. Rb3 Bb6
61. Kc2 Re4 62. Bd3 Rh4 63. Be2 Re4 64. Kd1 Rd4+ 65. Rd3 Ra4
66. Kc2 Re4 67. Bf1 Re1 68. Rd1 Re3 69. Rd2 Rf3 70. Bg2 Rg3
71. Bf1 Rf3 72. Rd1 f4 73. h4 Rf2+ 74. Kb3 Rh2 75. Kxa3 Rxh4
76. Bg2 Bc5+ 77. Kb3 f3 78. Bxf3 Rb4+ 79. Kc3 Rxb5 80. Kc4 Ra5
81. Rd5+ Kf4 82. Rxc5 Rxa2 83. Bd1 Rd2 84. Bb3 Ke4 85. Rc8
Rd4+ 86. Kc5 Rd2 87. Re8+ Kf5 88. Bd5 Kf4 89. Kc4 Rd1 90. Be4
Rd6 91. Bd5 Ra6 92. Kd4 Ra4+ 93. Bc4 Rb4 94. Rf8+ Kg4 95. Kd5
Kg3 96. Bd3 Rf4 97. Bf5 Ra4 98. Ke5 Ra5+ 99. Kd4 Kf4 100. Be4+
Kg5 101. Bd5 Ra4+ 102. Ke5 Ra5 103. Rg8+ Kh5 104. Rg1 Rb5
105. Ke4 Kh6 106. Be6 Rg5 107. Rf1 Ra5 108. Bd5 Kg5 109. Ke5
Rb5 110. Rg1+ Kh5 111. Ke6 Kh4 112. Rg8 Ra5 1/2-1/2

[Event "PSC / Puregold Open"]
[Site "Subic Bay PHI"]
[Date "2016.12.13"]
[EventDate "2016.12.13"]
[Round "1.1"]
[Result "1/2-1/2"]
[White "Wang Hao"]
[Black "Jan Emmanuel Garcia"]
[WhiteElo "2678"]
[BlackElo "2438"]
[PlyCount "90"]

1. Nf3 Nf6 2. c4 g6 3. Nc3 c5 4. e4 d6 5. d4 cxd4 6. Nxd4 Nc6
7. Be2 Nxd4 8. Qxd4 Bg7 9. Be3 O-O 10. Qd2 a5 11. Rd1 Be6
12. O-O a4 13. c5 dxc5 14. Qxd8 Rfxd8 15. Bxc5 Rdc8 16. Bb4
Bc4 17. Rfe1 e6 18. f3 Bf8 19. Bxf8 Kxf8 20. a3 Bb3 21. Rd4
Rd8 22. Rxd8+ Rxd8 23. Bb5 Rd4 24. Kf2 Ne8 25. Ke3 e5 26. f4
f6 27. fxe5 fxe5 28. Bxe8 Kxe8 29. Nb5 Rd7 30. Rc1 Kd8 31. h4
h6 32. g3 Ke7 33. Rc5 Ke6 34. Nc3 g5 35. Rb5 Bc4 36. Rb6+ Kf7
37. Nxa4 Rd3+ 38. Kf2 g4 39. Rxb7+ Kg6 40. Rb6+ Kg7 41. Rb7+
Kg6 42. Rb6+ Kg7 43. Nc5 Rf3+ 44. Ke1 Re3+ 45. Kf2 Re2+
1/2-1/2

[Event "PSC / Puregold Open"]
[Site "Subic Bay PHI"]
[Date "2016.12.14"]
[EventDate "2016.12.13"]
[Round "2.7"]
[Result "0-1"]
[White "Rodolfo Panopio Jr"]
[Black "Wang Hao"]
[WhiteElo "2223"]
[BlackElo "2678"]
[PlyCount "62"]

1. e4 c5 2. Nf3 d6 3. c3 Nf6 4. h3 Nc6 5. Bd3 g6 6. O-O Bg7
7. Bc2 O-O 8. Re1 e5 9. d4 exd4 10. cxd4 cxd4 11. Nxd4 Nxd4
12. Qxd4 Be6 13. Nc3 Nd5 14. Qd3 Nxc3 15. bxc3 Rc8 16. Bd2 d5
17. Rab1 dxe4 18. Qxd8 Rfxd8 19. Bg5 Bxc3 20. Rxe4 Rd7 21. Ba4
Rdc7 22. Rxe6 fxe6 23. Bb3 Kf7 24. Rd1 Bf6 25. Bf4 Re7 26. g4
b5 27. g5 Bg7 28. Rd6 a5 29. Kg2 a4 30. Bd1 Rc5 31. Be2 Be5
0-1

[Event "PSC / Puregold Open"]
[Site "Subic Bay PHI"]
[Date "2016.12.14"]
[EventDate "2016.12.13"]
[Round "3.2"]
[Result "1-0"]
[White "Wang Hao"]
[Black "Tingjie Lei"]
[WhiteElo "2678"]
[BlackElo "2468"]
[PlyCount "45"]

1. e4 e6 2. d4 d5 3. Nc3 Nf6 4. e5 Nfd7 5. f4 c5 6. Nf3 Nc6
7. Be3 a6 8. Qd2 b5 9. dxc5 Bxc5 10. Ne2 Qb6 11. Ned4 b4
12. c3 a5 13. Bd3 Ba6 14. O-O Bxd3 15. Qxd3 Qa6 16. Qc2 O-O
17. Ng5 g6 18. Qf2 bxc3 19. bxc3 Rfc8 20. f5 exf5 21. Nxf5
Ncxe5 22. Nh6+ Kh8 23. Nhxf7+ 1-0

[Event "PSC / Puregold Open"]
[Site "Subic Bay PHI"]
[Date "2016.12.15"]
[EventDate "2016.12.13"]
[Round "4.1"]
[Result "0-1"]
[White "Kirill Stupak"]
[Black "Wang Hao"]
[WhiteElo "2562"]
[BlackElo "2678"]
[PlyCount "118"]

1. d4 Nf6 2. c4 e6 3. Nf3 d5 4. Nc3 Bb4 5. Bg5 dxc4 6. e4 c5
7. Bxc4 cxd4 8. Nxd4 Qa5 9. Bxf6 Bxc3+ 10. bxc3 Qxc3+ 11. Kf1
gxf6 12. Rc1 Qa5 13. Bb5+ Ke7 14. Qc2 Qb6 15. Ke2 Rd8 16. Qc7+
Kf8 17. Rhd1 Nc6 18. Qxb6 axb6 19. Bxc6 bxc6 20. Rxc6 Bb7
21. Rxb6 Bxe4 22. Rd2 Bxg2 23. f3 e5 24. Nb3 Rxd2+ 25. Nxd2
Kg7 26. Rb1 Bh3 27. Rg1+ Kh6 28. Ra1 Ra4 29. Ne4 f5 30. Nc3
Rc4 31. Rc1 f4 32. a3 Bc8 33. Kf2 Ba6 34. Na2 Rxc1 35. Nxc1
Bc4 36. Ne2 Kg6 37. Nc3 Kf6 38. Ne4+ Ke7 39. a4 Bd5 40. Nc3
Bc6 41. a5 Kd6 42. Na2 Kc5 43. a6 f6 44. a7 Kb6 45. Nb4 Bb7
46. Kg2 Kxa7 47. Nd3 Kb6 48. Nf2 h5 49. Nd3 Kb5 50. Kf2 Kc4
51. Ne1 Bc8 52. Ng2 Kd3 53. Nh4 Kd2 54. Ng6 Bh3 55. Ne7 f5
56. Ng6 e4 57. fxe4 fxe4 58. Nxf4 e3+ 59. Kg3 Bf1 0-1

[Event "PSC / Puregold Open"]
[Site "Subic Bay PHI"]
[Date "2016.12.15"]
[EventDate "2016.12.13"]
[Round "5.1"]
[Result "1-0"]
[White "Wang Hao"]
[Black "Levan Pantsulaia"]
[WhiteElo "2678"]
[BlackElo "2607"]
[PlyCount "81"]

1. e4 c5 2. Nf3 e6 3. d4 cxd4 4. Nxd4 a6 5. Bd3 Nf6 6. O-O e5
7. Nb3 d6 8. c4 Be7 9. Nc3 O-O 10. f3 Be6 11. Be3 Nbd7 12. Qd2
a5 13. Nd5 a4 14. Nc1 Nc5 15. Nxe7+ Qxe7 16. Be2 Nfd7 17. Rd1
Ra6 18. Nd3 Nxd3 19. Bxd3 Nc5 20. Bf1 Rc8 21. Rab1 h6 22. b4
axb3 23. axb3 Ra3 24. b4 Nd7 25. Rbc1 Nf6 26. Bf2 Nh5 27. Qxd6
Qg5 28. h4 Qf6 29. b5 Ra2 30. Rd2 Rca8 31. c5 Qf4 32. Rcd1 Ng3
33. Bxg3 Qxg3 34. c6 Rxd2 35. Rxd2 bxc6 36. b6 Ra1 37. b7 Bc4
38. b8=Q+ Kh7 39. Rd1 Bxf1 40. Kxf1 Ra2 41. Qd2 1-0

[Event "PSC / Puregold Open"]
[Site "Subic Bay PHI"]
[Date "2016.12.16"]
[EventDate "2016.12.13"]
[Round "6.1"]
[Result "1/2-1/2"]
[White "Vladislav Kovalev"]
[Black "Wang Hao"]
[WhiteElo "2595"]
[BlackElo "2678"]
[PlyCount "103"]

1. e4 e5 2. Nf3 Nf6 3. Nxe5 d6 4. Nf3 Nxe4 5. Nc3 Nxc3 6. dxc3
Be7 7. Be3 Nc6 8. Qd2 Be6 9. O-O-O Qd7 10. Kb1 Bf6 11. Be2
O-O-O 12. Nd4 Bxd4 13. cxd4 d5 14. Bf4 h5 15. Bb5 a6 16. Bxc6
Qxc6 17. Rhe1 Kb8 18. Re3 Rc8 19. Rg3 g6 20. Rc3 Qd7 21. Be5
Rhe8 22. Qf4 b6 23. h3 Kb7 24. f3 Bf5 25. g4 hxg4 26. hxg4 Be6
27. Re1 Qe7 28. Rce3 g5 29. Qf6 Qxf6 30. Bxf6 Rg8 31. Re5 Rg6
32. Bxg5 Rh8 33. b3 Rh2 34. R1e3 Rd2 35. Kc1 Rg2 36. Rc3 Rg1+
37. Kb2 Rd1 38. Bd8 Rg8 39. Bf6 Rf1 40. g5 Kc8 41. Re2 Kd7
42. Rce3 b5 43. Kc3 a5 44. a3 Re8 45. Kd2 Rg8 46. Rc3 Re8
47. Be5 c6 48. Bf6 b4 49. axb4 axb4 50. Rce3 Ra8 51. Re1 Rf2+
52. R1e2 1/2-1/2

[Event "PSC / Puregold Open"]
[Site "Subic Bay PHI"]
[Date "2016.12.17"]
[EventDate "2016.12.13"]
[Round "7.1"]
[Result "1/2-1/2"]
[White "Wang Hao"]
[Black "Anton Demchenko"]
[WhiteElo "2678"]
[BlackElo "2632"]
[PlyCount "83"]

1. e4 e5 2. Nf3 Nc6 3. Bb5 a6 4. Ba4 d6 5. O-O Bd7 6. d4 Nxd4
7. Bxd7+ Qxd7 8. Nxd4 exd4 9. Qxd4 Nf6 10. Nc3 Be7 11. Bg5 h6
12. Bh4 Qg4 13. Bg3 O-O 14. Rad1 Rfe8 15. Rfe1 Rad8 16. a4 Qc8
17. h3 c6 18. Bh4 Qc7 19. Qc4 Rd7 20. Bg3 b5 21. Qd3 Qb7
22. Qf3 b4 23. Ne2 Bf8 24. Nd4 c5 25. e5 dxe5 26. Qxb7 Rxb7
27. Nc6 e4 28. Na5 Rd7 29. Rxd7 Nxd7 30. Rd1 Nf6 31. Bf4 g5
32. Be3 Kg7 33. g4 Kg6 34. Kg2 h5 35. Kg3 Re6 36. Nc4 Be7
37. a5 h4+ 38. Kg2 Kh6 39. Kf1 Kg6 40. Ke2 Kh6 41. Bc1 Kg6
42. Be3 1/2-1/2

[Event "PSC / Puregold Open"]
[Site "Subic Bay PHI"]
[Date "2016.12.17"]
[EventDate "2016.12.13"]
[Round "8.2"]
[Result "1/2-1/2"]
[White "Mikhael Mchedlishvili"]
[Black "Wang Hao"]
[WhiteElo "2601"]
[BlackElo "2678"]
[PlyCount "67"]

1. e4 c5 2. Ne2 Nf6 3. Nbc3 d6 4. g3 Nc6 5. Bg2 g6 6. d4 cxd4
7. Nxd4 Bd7 8. Nde2 Bg7 9. a4 O-O 10. O-O Qc8 11. Nf4 Re8
12. Ncd5 Nxd5 13. Nxd5 Bg4 14. f3 Be6 15. c3 Bxd5 16. exd5 Na5
17. Re1 Nc4 18. Rb1 a6 19. b3 Ne5 20. c4 b5 21. axb5 axb5
22. cxb5 Qc5+ 23. Be3 Qxb5 24. f4 Nd7 25. Bf1 Qb4 26. Bf2 Bc3
27. Re2 Nc5 28. Rc2 Reb8 29. Bc4 Bf6 30. Be1 Qb6 31. Bf2 Qb4
32. Be1 Qb6 33. Bf2 Qb4 34. Be1 1/2-1/2

[Event "TCh-CZE Extraliga 2016-17"]
[Site "Czech Republic CZE"]
[Date "2017.01.28"]
[EventDate "2016.10.08"]
[Round "5.6"]
[Result "1-0"]
[White "Wang Hao"]
[Black "Marcel Kanarek"]
[WhiteElo "2701"]
[BlackElo "2527"]
[PlyCount "71"]

1. e4 c6 2. Nf3 d5 3. Nc3 Nf6 4. e5 Ne4 5. Ne2 Qb6 6. d4 e6
7. Nfg1 f6 8. f3 Ng5 9. exf6 gxf6 10. f4 Nf7 11. Nf3 Nd7
12. Ng3 Be7 13. Nh5 Rg8 14. Bd3 Nf8 15. Qe2 Bd7 16. c3 O-O-O
17. O-O Ng6 18. Kh1 Nd6 19. b3 Ne4 20. Bxe4 dxe4 21. Qxe4 Qa5
22. Ng3 Qxc3 23. Bd2 Qb2 24. Qe3 Qa3 25. Ne4 e5 26. dxe5 fxe5
27. fxe5 Be6 28. Nf6 Bxf6 29. exf6 Bd5 30. Ng5 Qb2 31. f7 Rgf8
32. Rad1 Kb8 33. Qg3+ Ka8 34. Bb4 Nf4 35. Rxd5 Rxd5 36. Bxf8
1-0

[Event "TCh-CZE Extraliga 2016-17"]
[Site "Czech Republic CZE"]
[Date "2017.01.29"]
[EventDate "2016.10.08"]
[Round "6.5"]
[Result "1/2-1/2"]
[White "Andrey Zhigalko"]
[Black "Wang Hao"]
[WhiteElo "2584"]
[BlackElo "2701"]
[PlyCount "57"]

1. e4 c6 2. d4 d5 3. Nc3 dxe4 4. Nxe4 Bf5 5. Ng3 Bg6 6. h4 h6
7. Nf3 e6 8. Ne5 Bh7 9. Bd3 Bxd3 10. Qxd3 Nd7 11. f4 Bb4+
12. c3 Be7 13. O-O Ngf6 14. Qe2 c5 15. f5 cxd4 16. fxe6 Nxe5
17. Qxe5 fxe6 18. Qxe6 dxc3 19. Nf5 Qb6+ 20. Qxb6 axb6 21. Re1
Nd5 22. bxc3 Kf7 23. Nxe7 Nxe7 24. Be3 Rhc8 25. Rad1 Rxc3
26. Rd7 Rc6 27. Bg5 hxg5 28. Rexe7+ Kf6 29. Rxg7 1/2-1/2

[Event "TCh-CZE Extraliga 2016-17"]
[Site "Czech Republic CZE"]
[Date "2017.02.25"]
[EventDate "2016.10.08"]
[Round "7.2"]
[Result "0-1"]
[White "Marcin Dziuba"]
[Black "Wang Hao"]
[WhiteElo "2554"]
[BlackElo "2701"]
[PlyCount "118"]

1. d4 Nf6 2. c4 e6 3. Nf3 d5 4. g3 dxc4 5. Bg2 Bd7 6. Ne5 Bc6
7. Nxc6 Nxc6 8. e3 Qd7 9. O-O Rd8 10. Qe2 e5 11. Nc3 Be7
12. d5 Nb4 13. e4 c6 14. Qxc4 O-O 15. Qb3 cxd5 16. exd5 Qf5
17. Bd2 b6 18. Rad1 Nc2 19. Qa4 Nd4 20. Be3 Bc5 21. Bxd4 Bxd4
22. Nb5 Qd7 23. Qc4 Bxb2 24. Qb3 a6 25. Qxb2 Qxb5 26. Qxe5 Qa5
27. Qd4 Rd6 28. Rd2 h6 29. Rfd1 Rc8 30. h4 b5 31. Qf4 Qd8
32. Bf3 Ne8 33. Kg2 Rf6 34. Qe3 Nd6 35. Re2 Qc7 36. Ree1 Qa5
37. Qd2 Qxd2 38. Rxd2 Kf8 39. Ree2 Rc4 40. Rd3 g5 41. hxg5
hxg5 42. Red2 a5 43. Rd4 Rc3 44. R4d3 Rc1 45. Rd1 Rc5 46. Re3
Rc4 47. Rd2 Rc1 48. Be2 Rh6 49. Rd1 Rc2 50. a3 Rf6 51. Rf1 Rd2
52. Bd3 a4 53. Kg1 Rb2 54. Be2 Rf5 55. Rd1 Kg7 56. Rf1 Rxd5
57. Rc1 Nf5 58. Re4 Rdd2 59. Rc5 Nd6 0-1